000 00832nam a2200277Ia 4500
001 Z_4657
003 CHAP
008 220113s2=00 xx 000 0 und d
010 _a167732
040 _cCHAP
090 _aTesis V 1663
100 _aVargas Monter, Jorge
_9118063
245 _aDescripción del crecimiento de cabritos hasta los 8 meses de edad /
_cpor Jorge Vargas Monter y Erandi Valdovinos Romero
260 _aChapingo, Méx. :
_bEl autor,
_c2002
300 _a50 h.
502 _aTesis (Ing. Agr. Esp. en Zootecnia) -- UACH. Departamento de Zootecnia
650 _aGanado cabrío
_xCrecimiento
_945000
650 _aGanado cabrío
_xEdad
_945005
700 _aValdovinos Romero, Erandi
_9117391
901 _aTESIS V 1663
902 _aM
910 _a2=00
942 _c2
942 _c2
999 _c167732
_d167732